Gettingh past the affair : a program to help you cope, heal, and move-on-together or apartrt (Record no. 4751)

MARC details
000 -LEADER
fixed length control field 00788nam a22002297a 4500
003 - CONTROL NUMBER IDENTIFIER
control field OSt
005 - DATE AND TIME OF LATEST TRANSACTION
control field 20260423010751.0
008 - FIXED-LENGTH DATA ELEMENTS--GENERAL INFORMATION
fixed length control field 251009b |||||||| |||| 00| 0 eng d
020 ## - INTERNATIONAL STANDARD BOOK NUMBER
International Standard Book Number 13 : 978-1-57230-801-5.
040 ## - CATALOGING SOURCE
Original cataloging agency DWCL-Admin lib
Transcribing agency OC
082 ## - DEWEY DECIMAL CLASSIFICATION NUMBER
Classification number Circ. 616.891562 S675g 2007
100 ## - MAIN ENTRY--PERSONAL NAME
Personal name Snyder, Douglas k.
245 ## - TITLE STATEMENT
Title Gettingh past the affair : a program to help you cope, heal, and move-on-together or apartrt
Statement of responsibility, etc. Douglas k. Snyder
260 ## - PUBLICATION, DISTRIBUTION, ETC.
Place of publication, distribution, etc. N.Y. :
Name of publisher, distributor, etc. The Guilford press,
Date of publication, distribution, etc. c 2007
300 ## - PHYSICAL DESCRIPTION
Extent ix, 342 p. :
Dimensions 23 cm.
504 ## - BIBLIOGRAPHY, ETC. NOTE
Bibliography, etc. note Includes bibliographical references & index.
650 ## - SUBJECT ADDED ENTRY--TOPICAL TERM
Topical term or geographic name entry element 1. Adultery-Psychological aspects.
650 ## - SUBJECT ADDED ENTRY--TOPICAL TERM
Topical term or geographic name entry element 2. Marital psychoteraphy.
700 ## - ADDED ENTRY--PERSONAL NAME
Personal name Baucom, Donald H.
700 ## - ADDED ENTRY--PERSONAL NAME
Personal name Gordon, Kristina Coop
942 ## - ADDED ENTRY ELEMENTS (KOHA)
Source of classification or shelving scheme Dewey Decimal Classification
Koha item type Book Circulation
Call number prefix Circ.
Suppress in OPAC No
952 ## - LOCATION AND ITEM INFORMATION (KOHA)
--
Holdings
Withdrawn status Lost status Source of classification or shelving scheme Damaged status Not for loan Home library Current library Shelving location Date acquired Source of acquisition Cost, normal purchase price Total Checkouts Full call number Barcode Date last seen Copy number Price effective from Koha item type Uniform Resource Identifier
    Dewey Decimal Classification     College Library College Library Circulation 03/21/2011 School Fund 0.00   Circ. 616.891562 S675g 2007 CL48252 10/09/2025 c1 10/09/2025 BK-CIRC